<?xml version="1.0" encoding="UTF-8"?><?xml-stylesheet type="text/xsl" href="static/style.xsl"?><OAI-PMH xmlns="http://www.openarchives.org/OAI/2.0/" xmlns:xsi="http://www.w3.org/2001/XMLSchema-instance" xsi:schemaLocation="http://www.openarchives.org/OAI/2.0/ http://www.openarchives.org/OAI/2.0/OAI-PMH.xsd"><responseDate>2026-06-06T17:40:29Z</responseDate><request verb="GetRecord" identifier="oai:riuma.uma.es:10630/23163" metadataPrefix="marc">https://riuma.uma.es/rest/oai/request</request><GetRecord><record><header><identifier>oai:riuma.uma.es:10630/23163</identifier><datestamp>2026-02-03T12:55:42Z</datestamp><setSpec>com_10630_22985</setSpec><setSpec>com_10630_3139</setSpec><setSpec>com_10630_10</setSpec><setSpec>col_10630_22988</setSpec></header><metadata><record xmlns="http://www.loc.gov/MARC21/slim" xmlns:dcterms="http://purl.org/dc/terms/" xmlns:doc="http://www.lyncode.com/xoai" xmlns:xsi="http://www.w3.org/2001/XMLSchema-instance" xsi:schemaLocation="http://www.loc.gov/MARC21/slim http://www.loc.gov/standards/marcxml/schema/MARC21slim.xsd">
   <leader>00925njm 22002777a 4500</leader>
   <datafield ind2=" " ind1=" " tag="042">
      <subfield code="a">dc</subfield>
   </datafield>
   <datafield ind2=" " ind1=" " tag="720">
      <subfield code="a">Cebrián-Robles, Violeta</subfield>
      <subfield code="e">author</subfield>
   </datafield>
   <datafield ind2=" " ind1=" " tag="260">
      <subfield code="c">2017</subfield>
   </datafield>
   <datafield ind2=" " ind1=" " tag="520">
      <subfield code="a">En el proceso de búsqueda de un Espacio Europeo de Educación Superior las instituciones universitarias ven satisfecho uno de sus objetivos con el Comunicado de Berlín del año 2003, por el que se proponía a los países de los estados miembros de la Unión Europea una puesta en común de las calificaciones correspondientes a la educación superior. Como pauta, tal y como se cita en el libro, estas debían ser recogidas en términos de resultados de aprendizaje, competencia y perfil.&#xd;
&#xd;
Bajo esta premisa, da comienzo este libro, seguido de una breve explicación del término competencia, pues alude a la dificultad de muchos docentes universitarios para comprender qué es una competencia, así como cuándo se adquiere.</subfield>
   </datafield>
   <datafield ind1="8" ind2=" " tag="024">
      <subfield code="a">Cebrián-Robles, V. (2017). Recensión del libro Competencias específicas en los estudios de Derecho Definición y evaluación. Revista Practicum, 2(2), 84-86. https://doi.org/10.24310/RevPracticumrep.v2i2.9860</subfield>
   </datafield>
   <datafield ind1="8" ind2=" " tag="024">
      <subfield code="a">https://hdl.handle.net/10630/23163</subfield>
   </datafield>
   <datafield ind1="8" ind2=" " tag="024">
      <subfield code="a">https://doi.org/10.24310/RevPracticumrep.v2i2.9860</subfield>
   </datafield>
   <datafield tag="653" ind2=" " ind1=" ">
      <subfield code="a">Competencia en educación</subfield>
   </datafield>
   <datafield tag="653" ind2=" " ind1=" ">
      <subfield code="a">Espacio Europeo de Educación Superior</subfield>
   </datafield>
   <datafield ind2="0" ind1="0" tag="245">
      <subfield code="a">Competencias específicas en los estudios de Derecho Definición y evaluación (reseña)</subfield>
   </datafield>
</record>
</metadata></record></GetRecord></OAI-PMH>